000 00904nam a2200277 i 4500
001 37179
003 ES-MaACL
005 20251130063152.0
007 t|
008 030220s1985 sp ||||1| spa d
020 _a84-309-1174-X
100 1 _aBunge, Mario,
_d1919-
_9165711
245 1 3 _aEl problema mente-cerebro
_b: un enfoque psicobiológico /
_cMario Bunge ; epílogo de Donald O. Hebb ; traducción, Benito García Noriega.
260 _aMadrid :
_bTecnos,
_c[1985]
300 _a261 p. ;
_c22 cm.
490 1 _aFilosofía y ensayo
500 _aIndice.
504 _aBibliografía.
650 0 7 _aPsicología fisiológica
_2embne
_916565
650 4 _aNeuropsicología.
_915532
700 1 _aHebb, Donald O.
_962255
700 1 _aGarcía Noriega, Benito.
_955038
830 0 _aFilosofía y ensayo
_9179242
852 _aES-MaACL
_jL-11916
_bR.114064
999 _c37179
_d37179